[Event "Amateur-Pokal Sen"]
[Site "?"]
[Date "2001.??.??"]
[Round "3"]
[White "Yazdkhasti, Parvis"]
[Black "Wolf, Alfred"]
[Result "0-1"]
[WhiteElo "1720"]
[BlackElo "1725"]
[Annotator "ChessOrg"]
[PlyCount "50"]

1. c4 g6 2. d4 Bg7 3. Nc3 d6 4. Bf4 Nc6 5. e3 e5 6. dxe5 Nxe5 7. Bxe5 Bxe5 8.
f4 Bg7 9. Nf3 Nf6 10. Qc2 Bf5 11. Bd3 Bg4 12. O-O-O Qe7 13. Rde1 O-O-O 14. h3
Bxf3 15. gxf3 d5 16. b3 Qa3+ 17. Kb1 c6 18. cxd5 Nxd5 19. Nxd5 Rxd5 20. Rd1 Rc5
21. Qe2 Rc3 22. Bc2 Rxe3 23. Bf5+ gxf5 24. Qg2 Rxb3+ 25. axb3 Qa1+ 0-1

[Event "Amateur-Pokal Sen"]
[Site "?"]
[Date "2001.??.??"]
[Round "3"]
[White "Radtke, Eduard"]
[Black "Moeckel, Edgar"]
[Result "1/2-1/2"]
[WhiteElo "1980"]
[BlackElo "1842"]
[Annotator "ChessOrg"]
[PlyCount "124"]

1. e4 c6 2. d4 d5 3. Nc3 dxe4 4. Nxe4 Nd7 5. Bc4 Ngf6 6. Ng3 e6 7. N1e2 Bd6 8.
O-O Qc7 9. Bb3 c5 10. c3 O-O 11. f4 g6 12. Kh1 b6 13. h3 Bb7 14. Qe1 Rad8 15.
Bd2 h5 16. Ng1 h4 17. N3e2 Ne4 18. Be3 Kg7 19. Nf3 Be7 20. Rc1 Rh8 21. Bc2 Ndf6
22. Ng5 Nxg5 23. fxg5 Nd5 24. Bd2 c4 25. Nf4 Nxf4 26. Bxf4 Bd6 27. Be3 Bg3 28.
Qe2 Bd6 29. Rf6 e5 30. Rcf1 Rd7 31. Qg4 Re7 32. dxe5 Bxe5 33. Bd4 Rd8 34. Qxh4
Rh8 35. Qg4 Bxd4 36. cxd4 Bd5 37. Kg1 Rh5 38. h4 Be6 39. Qf4 Qxf4 40. R6xf4 Bd5
41. Bd1 Rh8 42. Bf3 Rd8 43. Bxd5 Rxd5 44. Kf2 b5 45. Re1 Rc7 46. Re5 Rxe5 47.
dxe5 b4 48. Ke2 a5 49. Kd2 c3+ 50. Kc2 cxb2+ 51. Kxb2 Rc3 52. Rf3 Rc4 53. g3
Re4 54. Kb3 Rxe5 55. a3 bxa3 56. Kxa3 Re4 57. Kb3 Rb4+ 58. Kc2 Rc4+ 59. Kd2 Ra4
60. Rd3 Ra2+ 61. Ke3 a4 62. Kf3 Rb2 1/2-1/2

[Event "Amateur-Pokal Sen"]
[Site "?"]
[Date "2001.??.??"]
[Round "3"]
[White "Oser, Thor"]
[Black "Turboust, Roger"]
[Result "1-0"]
[WhiteElo "1657"]
[BlackElo "1850"]
[Annotator "ChessOrg"]
[PlyCount "71"]

1. e4 e5 2. Nf3 Nc6 3. d4 d6 4. d5 Nce7 5. h3 Ng6 6. c4 Bd7 7. Nc3 Be7 8. Be3
Nf6 9. Bd3 O-O 10. Qd2 Nh5 11. g4 Nhf4 12. Bf1 h6 13. Ne2 Nxe2 14. Bxe2 Kh7 15.
O-O-O Nh4 16. Nxh4 Bxh4 17. f4 exf4 18. Bxf4 g5 19. Bh2 Qe7 20. Rhf1 f6 21. Bd3
Kg7 22. Rf3 a5 23. Rdf1 a4 24. a3 Rab8 25. Qc3 b5 26. c5 dxc5 27. Bxc7 Rbc8 28.
e5 fxe5 29. Qxe5+ Qxe5 30. Bxe5+ Kg8 31. Rxf8+ Rxf8 32. Bh7+ Kxh7 33. Rxf8 Bxg4
34. hxg4 b4 35. d6 Be1 36. d7 1-0

[Event "Amateur-Pokal Sen"]
[Site "?"]
[Date "2001.??.??"]
[Round "3"]
[White "Fleckner, Hans"]
[Black "Schampel, Arno"]
[Result "1-0"]
[WhiteElo "1819"]
[BlackElo "1698"]
[Annotator "ChessOrg"]
[PlyCount "47"]

1. e4 c5 2. Nf3 d6 3. d4 cxd4 4. Nxd4 Nf6 5. Nc3 e6 6. Bg5 Be7 7. f4 O-O 8. Qf3
a6 9. O-O-O Qc7 10. Bd3 b5 11. e5 Bb7 12. Qh3 dxe5 13. Bxf6 e4 14. Be5 Qa5 15.
Nxe4 f5 16. Qg3 g6 17. Ng5 Bxg5 18. Qxg5 Bd5 19. Nxe6 Bxe6 20. Qe7 Rf7 21. Qxe6
Raa7 22. Bxb8 Rae7 23. Qb3 Qb6 24. Be5 1-0

[Event "Amateur-Pokal Sen"]
[Site "?"]
[Date "2001.??.??"]
[Round "3"]
[White "Wolf, Margot"]
[Black "Scheerer, Helmut"]
[Result "0-1"]
[WhiteElo "1311"]
[BlackElo "1855"]
[Annotator "ChessOrg"]
[PlyCount "70"]

1. d4 Nf6 2. Nf3 e6 3. Bf4 b6 4. e3 Bb7 5. c3 Be7 6. h3 c5 7. Bd3 O-O 8. O-O
Nh5 9. Bh2 f5 10. Nbd2 Nc6 11. e4 f4 12. e5 g6 13. Ne4 cxd4 14. cxd4 Nb4 15.
Bb1 Ng7 16. Nfd2 Ba6 17. Re1 Nf5 18. Nb3 Nd5 19. Bd3 Bb7 20. Kh1 Nh4 21. f3 Ne3
22. Qe2 Rc8 23. Bg1 Nhxg2 24. Rec1 Nh4 25. Bxe3 fxe3 26. Rf1 Nf5 27. Kg2 Bh4
28. Ba6 Bxa6 29. Qxa6 Rc2+ 30. Kg1 e2 31. Rf2 Bxf2+ 32. Nxf2 Qh4 33. Kh1 Qxf2
34. Rg1 Qxf3+ 35. Kh2 e1=Q+ 0-1

[Event "Amateur-Pokal Sen"]
[Site "?"]
[Date "2001.??.??"]
[Round "4"]
[White "Wolf, Alfred"]
[Black "Scheerer, Helmut"]
[Result "1-0"]
[WhiteElo "1725"]
[BlackElo "1855"]
[Annotator "ChessOrg"]
[PlyCount "97"]

1. Nf3 Nf6 2. g3 d5 3. Bg2 Bf5 4. d3 h6 5. Nbd2 e6 6. O-O Bd6 7. Qe1 Nc6 8. e4
dxe4 9. dxe4 Bg4 10. e5 Bxf3 11. Nxf3 Bb4 12. c3 Nd5 13. cxb4 Ncxb4 14. Qe2 c6
15. a3 Na6 16. b4 Nac7 17. Bb2 O-O 18. Nd2 a5 19. bxa5 Rxa5 20. a4 Qg5 21. f4
Qd8 22. Nc4 Ra6 23. Ba3 Re8 24. Nd6 Re7 25. Nxb7 Qb8 26. Bxe7 Qxb7 27. Bc5 Nc3
28. Qc2 N3d5 29. Rab1 Qa8 30. Ra1 Nb5 31. Bxd5 cxd5 32. Qb3 Nc7 33. Bd6 Qa7+
34. Kh1 d4 35. Bxc7 Qxc7 36. Rfc1 Qd8 37. Qc4 Ra8 38. Rd1 Kh7 39. Rxd4 Qe7 40.
Qd3+ g6 41. Rd7 Qe8 42. a5 Kg7 43. a6 Qc8 44. Rd1 Rxa6 45. Qe4 Ra2 46. Qb7 Qf8
47. Rc7 g5 48. fxg5 hxg5 49. Rf1 1-0

[Event "Amateur-Pokal Sen"]
[Site "?"]
[Date "2001.??.??"]
[Round "4"]
[White "Schampel, Arno"]
[Black "Wolf, Margot"]
[Result "1-0"]
[WhiteElo "1698"]
[BlackElo "1311"]
[Annotator "ChessOrg"]
[PlyCount "106"]

1. d4 d5 2. c4 e6 3. Nf3 Nf6 4. Bg5 Be7 5. Nc3 c6 6. e3 Nbd7 7. h3 O-O 8. Qc2
Re8 9. Bd3 dxc4 10. Bxc4 Nd5 11. Bxe7 Qxe7 12. a3 Nxc3 13. Qxc3 e5 14. O-O exd4
15. Nxd4 Nf6 16. Rad1 Qc7 17. Bb3 Bd7 18. Nb5 Qe5 19. Qxe5 Rxe5 20. Nd6 Be6 21.
Bxe6 Rxe6 22. Nxb7 Rb8 23. Rd8+ Rxd8 24. Nxd8 Rd6 25. Nb7 Rd2 26. b4 Kf8 27.
Rc1 Rd7 28. Na5 Rd3 29. Ra1 Rc3 30. Kf1 Nd7 31. Nb7 Ne5 32. Nc5 Nc4 33. a4 Ke7
34. Rd1 Nb6 35. Ke2 Rc4 36. Rb1 Nd5 37. Kd3 Rxb4 38. Rxb4 Nxb4+ 39. Kc4 Nd5 40.
a5 Kd6 41. Ne4+ Ke6 42. Ng5+ Ke7 43. Nxh7 f6 44. Kc5 Kd7 45. Nf8+ Ke7 46. Kxc6
Nb4+ 47. Kb5 Nd3 48. Ng6+ Kf7 49. Nf4 Nxf2 50. Ka6 Ke7 51. Kxa7 Kd7 52. Kb8 Ne4
53. a6 Nc5 1-0

[Event "Amateur-Pokal Sen"]
[Site "?"]
[Date "2001.??.??"]
[Round "4"]
[White "Turboust, Roger"]
[Black "Fleckner, Hans"]
[Result "0-1"]
[WhiteElo "1850"]
[BlackElo "1819"]
[Annotator "ChessOrg"]
[PlyCount "134"]

1. e4 c5 2. Nf3 Nc6 3. c3 d5 4. exd5 Qxd5 5. Be2 Nf6 6. d3 Bg4 7. Nbd2 e6 8.
Nc4 Bh5 9. Bf4 Be7 10. Ne3 Qd7 11. O-O O-O 12. Qe1 Rad8 13. Rd1 Nd5 14. Nxd5
Qxd5 15. h3 Rfe8 16. Qd2 Bf6 17. a3 e5 18. Bg5 Qe6 19. Bxf6 Qxf6 20. g4 Bg6 21.
Qg5 Qd6 22. Qe3 b6 23. Nh4 Ne7 24. Nxg6 Nxg6 25. Rfe1 Nf4 26. Bf1 Qg6 27. d4
Nd5 28. Qe4 Qxe4 29. Rxe4 Nf6 30. Ree1 exd4 31. cxd4 Rxe1 32. Rxe1 cxd4 33. Rd1
Kf8 34. f3 Ke7 35. Kf2 Ne8 36. Ke2 g6 37. Kd3 Nc7 38. Re1+ Kf6 39. Re4 Ne6 40.
Kc4 Rc8+ 41. Kb4 Rd8 42. h4 h6 43. Re1 g5 44. h5 Rc8 45. Bd3 Rc5 46. Bf5 Re5
47. Rd1 Rd5 48. Kc4 Rc5+ 49. Kd3 Nf4+ 50. Kd2 a5 51. Re1 Re5 52. Rc1 Re2+ 53.
Kd1 Rxb2 54. Rc6+ Kg7 55. Rd6 Ra2 56. Rxd4 Rxa3 57. Be4 b5 58. Kc2 b4 59. Kb2
Ne2 60. Rd7 Nc3 61. Bg6 Na4+ 62. Kb1 Rxf3 63. Bf5 Nc3+ 64. Kb2 a4 65. Rb7 Rf2+
66. Bc2 a3+ 67. Ka1 Rf1+ 0-1

[Event "Amateur-Pokal Sen"]
[Site "?"]
[Date "2001.??.??"]
[Round "4"]
[White "Moeckel, Edgar"]
[Black "Oser, Thor"]
[Result "1-0"]
[WhiteElo "1842"]
[BlackElo "1657"]
[Annotator "ChessOrg"]
[PlyCount "71"]

1. d4 d5 2. Nf3 Nf6 3. c4 e6 4. Nc3 c6 5. e3 Bd6 6. Bd3 Nbd7 7. e4 dxe4 8. Nxe4
Nxe4 9. Bxe4 h6 10. O-O O-O 11. Bd2 e5 12. Bc3 f5 13. Bc2 e4 14. Ne1 Qh4 15. g3
Qh3 16. f4 Nf6 17. Qe2 Ng4 18. c5 Bc7 19. Bb3+ Kh7 20. Nc2 b6 21. Rfe1 Ba6 22.
Qg2 Qxg2+ 23. Kxg2 Nf6 24. Ne3 g6 25. Rad1 Rad8 26. h3 h5 27. h4 Bd3 28. Rd2
Nd7 29. cxb6 Bxb6 30. Nc4 Bc7 31. Ne5 Nxe5 32. dxe5 c5 33. Ba4 Bc4 34. Red1 e3
35. Rd7+ Kg8 36. e6 1-0

[Event "Amateur-Pokal Sen"]
[Site "?"]
[Date "2001.??.??"]
[Round "4"]
[White "Yazdkhasti, Parvis"]
[Black "Radtke, Eduard"]
[Result "0-1"]
[WhiteElo "1720"]
[BlackElo "1980"]
[Annotator "ChessOrg"]
[PlyCount "141"]

1. e4 e5 2. Nf3 Nc6 3. Bc4 Bc5 4. c3 Qe7 5. O-O Nf6 6. d3 h6 7. Re1 O-O 8. b4
Bb6 9. Ba3 d6 10. h3 Nh5 11. d4 Re8 12. b5 Na5 13. Nxe5 Nxc4 14. Nxc4 Qg5 15.
Bc1 Qg6 16. Qf3 Nf6 17. e5 Bf5 18. Nbd2 d5 19. Nxb6 axb6 20. Kf1 Bd3+ 21. Kg1
Bxb5 22. Bb2 Nd7 23. Qd1 Nf8 24. Re3 Bd7 25. Rg3 Qf5 26. Nf3 Ng6 27. Qd2 Kh7
28. Bc1 Qh5 29. a3 Kh8 30. Bb2 Be6 31. Re1 Ne7 32. Bc1 Rg8 33. Qf4 Nf5 34. Rg4
g5 35. Nxg5 Rxg5 36. Rxg5 Qxg5 37. Qxg5 hxg5 38. Bxg5 Rxa3 39. Bd2 Ra8 40. g4
Rg8 41. Kh2 Ng7 42. f4 Ra8 43. f5 Ra2 44. Re2 Bd7 45. Kg3 Bb5 46. Rf2 Bd3 47.
Kf4 Kg8 48. h4 Ra1 49. Ke3 Rf1 50. Rxf1 Bxf1 51. h5 Bg2 52. h6 Ne8 53. Kf2 Be4
54. Ke3 Kh7 55. Kf2 b5 56. Kg3 Bc2 57. Kh4 b6 58. Kg5 c6 59. Be3 Bd1 60. f6 Nc7
61. Kh5 Ne6 62. Kh4 c5 63. dxc5 bxc5 64. g5 b4 65. cxb4 d4 66. Bd2 c4 67. b5
Bf3 68. Bc1 c3 69. g6+ Kxg6 70. h7 Kxh7 71. Kg3 0-1

[Event "Amateur-Pokal Sen"]
[Site "?"]
[Date "2001.??.??"]
[Round "5"]
[White "Radtke, Eduard"]
[Black "Wolf, Alfred"]
[Result "1-0"]
[WhiteElo "1980"]
[BlackElo "1725"]
[Annotator "ChessOrg"]
[PlyCount "63"]

1. d4 g6 2. e4 Bg7 3. f4 d6 4. Nf3 Nf6 5. Nc3 c5 6. Bb5+ Bd7 7. e5 dxe5 8. dxe5
Ng4 9. Bc4 e6 10. h3 Nh6 11. Be3 Qa5 12. O-O Nf5 13. Bf2 O-O 14. g4 Nh6 15. Qe2
Bc6 16. Ng5 Re8 17. Nge4 Nd7 18. Nd6 Reb8 19. Bh4 a6 20. Bd3 b5 21. Be4 Qc7 22.
Bxc6 Qxc6 23. Rad1 c4 24. Nce4 Ra7 25. Rd2 Nb6 26. Rfd1 Nd5 27. Qf3 Qb6+ 28.
Bf2 Qc7 29. Bxa7 Qxa7+ 30. Kh1 Kh8 31. Nc3 Ne3 32. Re1 1-0

[Event "Amateur-Pokal Sen"]
[Site "?"]
[Date "2001.??.??"]
[Round "5"]
[White "Oser, Thor"]
[Black "Yazdkhasti, Parvis"]
[Result "1/2-1/2"]
[WhiteElo "1657"]
[BlackElo "1720"]
[Annotator "ChessOrg"]
[PlyCount "116"]

1. e4 c5 2. Nf3 d6 3. h3 Nc6 4. c3 Nf6 5. Qc2 e5 6. Be2 a6 7. d3 b5 8. Be3 Bb7
9. O-O Qc7 10. Nbd2 Rc8 11. Nh4 Be7 12. Nf5 O-O 13. Nxe7+ Qxe7 14. Bg5 h6 15.
Bh4 g5 16. Bg3 Rc7 17. Rfc1 Kh8 18. Nf1 Rg8 19. Ne3 Bc8 20. Qd1 Qf8 21. Bh2 Ne7
22. c4 b4 23. a3 a5 24. axb4 axb4 25. Ra8 Qg7 26. Rca1 Ng6 27. Nf5 Bxf5 28.
Rxg8+ Kxg8 29. exf5 Nf4 30. Bxf4 gxf4 31. Bf3 Rc8 32. Qe2 Nh7 33. Bd5 Nf6 34.
Be4 Kh8 35. Kh2 Rg8 36. Ra6 Rd8 37. Qf3 Qg5 38. Ra7 Kg7 39. Ra1 h5 40. g3 Rh8
41. gxf4 exf4 42. Rg1 Ng4+ 43. Kh1 Kf6 44. Rg2 Qh4 45. Qxf4 Qxh3+ 46. Kg1 Ke7
47. f3 Qh4 48. fxg4 hxg4 49. f6+ Kd7 50. Qxg4+ Qxg4 51. Rxg4 Ke6 52. Bd5+ Kxf6
53. Rf4+ Ke5 54. Rxf7 Rh6 55. Kg2 Kd4 56. Be4 Ke5 57. Rf5+ Kd4 58. Rf3 Ke5
1/2-1/2

[Event "Amateur-Pokal Sen"]
[Site "?"]
[Date "2001.??.??"]
[Round "5"]
[White "Fleckner, Hans"]
[Black "Moeckel, Edgar"]
[Result "1/2-1/2"]
[WhiteElo "1819"]
[BlackElo "1842"]
[Annotator "ChessOrg"]
[PlyCount "37"]

1. e4 c6 2. d4 d5 3. exd5 cxd5 4. Bd3 Nc6 5. c3 Nf6 6. Bf4 Bg4 7. Qb3 Qc8 8.
Nd2 e6 9. Ngf3 Bh5 10. O-O Be7 11. Rfe1 O-O 12. Rac1 Bg6 13. Bxg6 hxg6 14. h3
Na5 15. Qd1 Nc4 16. Qc2 Nxd2 17. Nxd2 b5 18. Qd3 Qd7 19. a3 1/2-1/2

[Event "Amateur-Pokal Sen"]
[Site "?"]
[Date "2001.??.??"]
[Round "5"]
[White "Wolf, Margot"]
[Black "Turboust, Roger"]
[Result "0-1"]
[WhiteElo "1311"]
[BlackElo "1850"]
[Annotator "ChessOrg"]
[PlyCount "54"]

1. d4 d5 2. Nf3 Nf6 3. Bf4 e6 4. e3 Bd6 5. Bxd6 Qxd6 6. c3 O-O 7. Bd3 Nbd7 8.
O-O Re8 9. Nbd2 e5 10. dxe5 Nxe5 11. Nxe5 Rxe5 12. Nf3 Rh5 13. g3 Bh3 14. Re1
Re8 15. Bf1 Qd7 16. Kh1 Bxf1 17. Rxf1 Qh3 18. Rg1 Ng4 19. Rg2 Re6 20. Qg1 Rf6
21. Qd1 Rhf5 22. Ng1 Qxg2+ 23. Kxg2 Rxf2+ 24. Kh3 Nxe3 25. g4 g5 26. Qd4 R6f3+
27. Nxf3 Rxf3# 0-1

[Event "Amateur-Pokal Sen"]
[Site "?"]
[Date "2001.??.??"]
[Round "5"]
[White "Scheerer, Helmut"]
[Black "Schampel, Arno"]
[Result "1/2-1/2"]
[WhiteElo "1855"]
[BlackElo "1698"]
[Annotator "ChessOrg"]
[PlyCount "135"]

1. e4 c5 2. Nf3 d6 3. d4 cxd4 4. Nxd4 Nf6 5. Nc3 a6 6. Be2 g6 7. Be3 Bg7 8. h3
O-O 9. O-O b5 10. a3 Bb7 11. Bf3 Nbd7 12. Nde2 Ne5 13. Ng3 Nxf3+ 14. Qxf3 Nd7
15. Qd1 Rc8 16. Bd4 Ne5 17. f4 Nc4 18. Bxg7 Kxg7 19. Qd4+ e5 20. fxe5 dxe5 21.
Qa7 Qd4+ 22. Qxd4 exd4 23. Nce2 Ne3 24. Nxd4 Nxc2 25. Nxc2 Rxc2 26. Rf2 Rfc8
27. Raf1 Rxf2 28. Rxf2 h5 29. h4 Rc4 30. Re2 Kf6 31. Rf2+ Ke6 32. Re2 Ke5 33.
Rd2 Bxe4 34. Kf2 Bd5 35. Re2+ Kd6 36. Re8 Rxh4 37. Rb8 Rh2 38. Ne2 Rxg2+ 39.
Ke3 Kc7 40. Re8 Be6 41. Ra8 Kb6 42. Rd8 h4 43. b4 Bc4 44. Nd4 Rg3+ 45. Nf3 g5
46. Kf2 Rg4 47. Rg8 f6 48. Rg6 Rf4 49. Ke3 Bd5 50. Nxg5 Rf5 51. Nh7 h3 52. Nxf6
Bc6 53. Ng4 Rf3+ 54. Ke2 Rg3 55. Kf2 Rg2+ 56. Kf1 h2 57. Rxc6+ Kxc6 58. Kxg2
Kd5 59. Kxh2 Kc4 60. Ne3+ Kb3 61. Nd5 Kxa3 62. Nc7 Kxb4 63. Nxa6+ Ka5 64. Nc5
b4 65. Kg2 Kb5 66. Nb3 Kc4 67. Na5+ Kc3 68. Kf2 1/2-1/2

[Event "Amateur-Pokal Sen"]
[Site "?"]
[Date "2001.??.??"]
[Round "6"]
[White "Wolf, Alfred"]
[Black "Schampel, Arno"]
[Result "0-1"]
[WhiteElo "1725"]
[BlackElo "1698"]
[Annotator "ChessOrg"]
[PlyCount "82"]

1. Nf3 Nf6 2. g3 g6 3. Bg2 Bg7 4. c4 c5 5. O-O Nc6 6. d4 cxd4 7. Nxd4 O-O 8.
Nc2 Qb6 9. Nc3 d6 10. Rb1 Nd7 11. Be3 Qa6 12. Nd4 Qxc4 13. Bd5 Qa6 14. b4 Nxd4
15. Bxd4 Bxd4 16. Qxd4 Qb6 17. Qh4 Nf6 18. Rfd1 a6 19. a4 Bf5 20. Rbc1 Rab8 21.
Bg2 Qd8 22. e4 Bg4 23. f3 Qb6+ 24. Kh1 Be6 25. Rb1 Qc6 26. Rbc1 Qb6 27. Rb1
Rbc8 28. Rdc1 Rc4 29. a5 Qe3 30. Na2 Rxc1+ 31. Rxc1 Bxa2 32. Qf4 Qxf4 33. gxf4
Rd8 34. Bh3 e6 35. Rd1 d5 36. f5 gxf5 37. exf5 e5 38. Rc1 Kf8 39. Kg2 d4 40.
Kf2 Bd5 41. Rd1 Nh5 0-1

[Event "Amateur-Pokal Sen"]
[Site "?"]
[Date "2001.??.??"]
[Round "6"]
[White "Turboust, Roger"]
[Black "Scheerer, Helmut"]
[Result "1-0"]
[WhiteElo "1850"]
[BlackElo "1855"]
[Annotator "ChessOrg"]
[PlyCount "103"]

1. e4 e5 2. Nf3 Nc6 3. c3 Bc5 4. Bc4 Qe7 5. O-O Nf6 6. d4 Bb6 7. Bg5 d6 8. d5
Nb8 9. Nbd2 h6 10. Bxf6 Qxf6 11. h3 O-O 12. Qe2 Nd7 13. Kh2 Rd8 14. Ng1 Nf8 15.
g3 Ng6 16. a4 a5 17. Bb5 Bd7 18. Bxd7 Rxd7 19. Nc4 Bc5 20. Nxa5 Rxa5 21. b4
Bxb4 22. cxb4 Ra8 23. Ra3 Rdd8 24. Rc1 Rdc8 25. Rf3 Qg5 26. Ra1 Qe7 27. b5 b6
28. Qc2 Nf8 29. Ne2 Nd7 30. Nc1 Nc5 31. Nd3 Nxe4 32. Nb4 Ng5 33. Rc3 e4 34. Re1
Rxa4 35. Qxa4 Qf6 36. Qc2 Nf3+ 37. Rxf3 exf3 38. Nc6 Ra8 39. Re3 g6 40. Qb3 Ra1
41. Rxf3 Qg5 42. Qb2 Re1 43. Ra3 Re8 44. Qd4 Kh7 45. Rf3 Kg8 46. h4 Qh5 47. Kg2
Re1 48. Qf6 g5 49. Ne7+ Kf8 50. Ra3 Ke8 51. Ra8+ Kd7 52. Rd8+ 1-0

[Event "Amateur-Pokal Sen"]
[Site "?"]
[Date "2001.??.??"]
[Round "6"]
[White "Moeckel, Edgar"]
[Black "Wolf, Margot"]
[Result "1-0"]
[WhiteElo "1842"]
[BlackElo "1311"]
[Annotator "ChessOrg"]
[PlyCount "67"]

1. d4 d5 2. c4 e6 3. Nc3 Nf6 4. Bg5 Nbd7 5. e3 Be7 6. Nf3 c6 7. Bd3 O-O 8. O-O
dxc4 9. Bxc4 Nd5 10. Bxe7 Qxe7 11. Rc1 Nxc3 12. Rxc3 Nf6 13. Ne5 Bd7 14. Qe2
Rac8 15. Nd3 Be8 16. a3 Nd7 17. Ba2 e5 18. d5 Qd6 19. Rd1 Nb6 20. e4 Bd7 21.
dxc6 Rxc6 22. Nb4 Qc7 23. Nxc6 Bxc6 24. b4 Qb8 25. Rdc1 a6 26. Qe3 Nc8 27. f3
Nd6 28. Bd5 Bd7 29. Rc7 Bc8 30. a4 Rd8 31. Qb6 Kf8 32. R1c6 Ne8 33. Rxf7+ Kg8
34. Rxb7+ 1-0

[Event "Amateur-Pokal Sen"]
[Site "?"]
[Date "2001.??.??"]
[Round "6"]
[White "Yazdkhasti, Parvis"]
[Black "Fleckner, Hans"]
[Result "1/2-1/2"]
[WhiteElo "1720"]
[BlackElo "1819"]
[Annotator "ChessOrg"]
[PlyCount "95"]

1. e4 c5 2. Nf3 Nc6 3. Nc3 g6 4. Bc4 e6 5. Ne2 Bg7 6. c3 Nge7 7. d4 cxd4 8.
Nfxd4 d5 9. exd5 exd5 10. Bb5 O-O 11. Bg5 Qc7 12. Qa4 Nxd4 13. Nxd4 Qe5+ 14.
Be3 Nf5 15. Nxf5 Bxf5 16. O-O Be6 17. Rfe1 Qc7 18. Rac1 a6 19. Bd3 b5 20. Qb4
Rfc8 21. g3 Bf8 22. Qh4 Qd7 23. Bd4 Bg7 24. Bxg7 Kxg7 25. Qd4+ Kg8 26. Qf6 Re8
27. h4 Bg4 28. f3 Qa7+ 29. Kg2 Re6 30. Rxe6 Bxe6 31. Re1 Re8 32. g4 Qe7 33. Qg5
Qxg5 34. hxg5 Kg7 35. Kg3 Bd7 36. Rxe8 Bxe8 37. Kf4 f6 38. gxf6+ Kxf6 39. g5+
Ke6 40. Ke3 Kd6 41. Kd4 Bd7 42. f4 Be6 43. b3 Bc8 44. c4 dxc4 45. bxc4 bxc4 46.
Bxc4 Be6 47. Bxe6 Kxe6 48. Ke4 1/2-1/2

[Event "Amateur-Pokal Sen"]
[Site "?"]
[Date "2001.??.??"]
[Round "6"]
[White "Radtke, Eduard"]
[Black "Oser, Thor"]
[Result "1-0"]
[WhiteElo "1980"]
[BlackElo "1657"]
[Annotator "ChessOrg"]
[PlyCount "73"]

1. e4 c5 2. Nf3 Nc6 3. d4 cxd4 4. Nxd4 e6 5. Nc3 a6 6. Be2 Bc5 7. Nxc6 bxc6 8.
Qd3 Ne7 9. O-O O-O 10. Bf4 d5 11. Rfd1 Ng6 12. Bc1 a5 13. Qf3 Qc7 14. Re1 d4
15. Nb1 Bd6 16. Qh5 c5 17. g3 e5 18. Nd2 f5 19. Bc4+ Kh8 20. Nf3 Be7 21. Bd5
Ra6 22. Bg5 Bxg5 23. Nxg5 h6 24. f4 exf4 25. exf5 Bxf5 26. g4 Bxc2 27. Re2 Ba4
28. Re6 Rf6 29. Rxa6 Rxa6 30. Re1 Rf6 31. Nf7+ Rxf7 32. Qxg6 Rf6 33. Re8+ Bxe8
34. Qxe8+ Kh7 35. Bg8+ Kh8 36. Bf7+ Kh7 37. Qg8# 1-0

[Event "Amateur-Pokal Sen"]
[Site "?"]
[Date "2001.??.??"]
[Round "7"]
[White "Oser, Thor"]
[Black "Wolf, Alfred"]
[Result "1-0"]
[WhiteElo "1657"]
[BlackElo "1725"]
[Annotator "ChessOrg"]
[PlyCount "73"]

1. e4 g6 2. d4 Bg7 3. c3 d6 4. h3 Nf6 5. Nd2 e5 6. dxe5 dxe5 7. Bc4 O-O 8. Ngf3
Qe7 9. O-O Nbd7 10. Re1 Nb6 11. Bb3 a5 12. a3 Be6 13. Bxe6 Qxe6 14. Qb3 Qe7 15.
Nf1 h6 16. g4 Nfd7 17. Be3 Nc5 18. Qb5 Nbd7 19. b4 c6 20. Bxc5 Nxc5 21. Qxc5
Qxc5 22. bxc5 Rfd8 23. Red1 Kf8 24. Ne3 Ke7 25. Kf1 Ke6 26. Nc4 Bf8 27. Nfxe5
Bxc5 28. Nd3 Bf8 29. a4 Bg7 30. Nc5+ Ke7 31. Nxb7 Rxd1+ 32. Rxd1 Bxc3 33. Nc5
Bb4 34. Nd3 Rb8 35. Ke2 f5 36. Nde5 Kf6 37. Nd7+ 1-0

[Event "Amateur-Pokal Sen"]
[Site "?"]
[Date "2001.??.??"]
[Round "7"]
[White "Fleckner, Hans"]
[Black "Radtke, Eduard"]
[Result "1-0"]
[WhiteElo "1819"]
[BlackElo "1980"]
[Annotator "ChessOrg"]
[PlyCount "93"]

1. e4 e5 2. Nf3 Nc6 3. Bb5 Nf6 4. O-O Bc5 5. c3 O-O 6. d4 Bb6 7. Bg5 h6 8. Bh4
d6 9. a4 a5 10. Re1 Bg4 11. Bxc6 bxc6 12. dxe5 g5 13. Bg3 Nh5 14. exd6 Nxg3 15.
hxg3 cxd6 16. Qd3 Qe7 17. Nbd2 Rfd8 18. Nd4 Qf6 19. N2f3 Bd7 20. Qc2 Rab8 21.
e5 dxe5 22. Nxe5 Be8 23. Ng4 Qh8 24. Nf5 h5 25. Ngh6+ Kf8 26. Qe2 Rb7 27. Rad1
Qf6 28. Rd6 Re7 29. Rxf6 Rxe2 30. Rxe2 Rd1+ 31. Kh2 Bd8 32. Rxe8+ Kxe8 33. Rxc6
Kd7 34. Rd6+ Rxd6 35. Nxd6 Bb6 36. Nc4 Bxf2 37. Nxf7 g4 38. Nfe5+ Ke6 39. Nd3
Ba7 40. Nxa5 Kd5 41. Nf4+ Ke4 42. b4 h4 43. Nc6 Bf2 44. Ne2 Ke3 45. Ncd4 hxg3+
46. Kh1 Ke4 47. a5 1-0

[Event "Amateur-Pokal Sen"]
[Site "?"]
[Date "2001.??.??"]
[Round "7"]
[White "Wolf, Margot"]
[Black "Yazdkhasti, Parvis"]
[Result "0-1"]
[WhiteElo "1311"]
[BlackElo "1720"]
[Annotator "ChessOrg"]
[PlyCount "68"]

1. d4 f5 2. Nf3 d6 3. Bf4 Nc6 4. e3 e6 5. c3 Bd7 6. Bd3 Nf6 7. h3 h6 8. Nbd2
Qe7 9. Bh2 O-O-O 10. O-O g6 11. e4 e5 12. dxe5 dxe5 13. Re1 f4 14. g3 fxg3 15.
fxg3 Bxh3 16. Kh1 Ng4 17. Bg1 Rxd3 18. Qe2 Rd7 19. Rad1 h5 20. Nf1 h4 21. Bh2
hxg3 22. Nxg3 Bh6 23. Rxd7 Kxd7 24. Qb5 Kc8 25. Kg1 Be3+ 26. Kh1 g5 27. Nf5
Nf2+ 28. Kg1 Bxf5 29. exf5 Ng4+ 30. Kh1 Nxh2 31. Nxh2 Bf4 32. Re2 Qh7 33. Qd5
Qxf5 34. Qf3 Qb1+ 0-1

[Event "Amateur-Pokal Sen"]
[Site "?"]
[Date "2001.??.??"]
[Round "7"]
[White "Scheerer, Helmut"]
[Black "Moeckel, Edgar"]
[Result "1/2-1/2"]
[WhiteElo "1855"]
[BlackElo "1842"]
[Annotator "ChessOrg"]
[PlyCount "65"]

1. e4 c6 2. d4 d5 3. Nc3 dxe4 4. Nxe4 Nd7 5. Bc4 Ngf6 6. Ng5 e6 7. Ne2 h6 8.
Nf3 Bd6 9. Bb3 Qc7 10. c4 Bb4+ 11. Bd2 Bxd2+ 12. Nxd2 O-O 13. O-O b6 14. Ng3
Bb7 15. Qe2 c5 16. dxc5 Nxc5 17. Bc2 a5 18. b3 Qf4 19. Rad1 Rad8 20. Rfe1 Rfe8
21. Ndf1 g6 22. h3 Kg7 23. Qe3 Qxe3 24. Nxe3 h5 25. f3 h4 26. Ne2 Nh5 27. Ng4
f6 28. a3 e5 29. Nc3 Nf4 30. Nf2 Bc6 31. Rxd8 Rxd8 32. Rd1 Rxd1+ 33. Nfxd1
1/2-1/2

[Event "Amateur-Pokal Sen"]
[Site "?"]
[Date "2001.??.??"]
[Round "7"]
[White "Schampel, Arno"]
[Black "Turboust, Roger"]
[Result "0-1"]
[WhiteElo "1698"]
[BlackElo "1850"]
[Annotator "ChessOrg"]
[PlyCount "164"]

1. d4 d5 2. c4 e6 3. Nc3 Nf6 4. Bg5 Be7 5. e3 Nbd7 6. Rc1 c6 7. Nf3 O-O 8. Qc2
h6 9. Bh4 Re8 10. cxd5 exd5 11. Bd3 b6 12. O-O Bb7 13. Rfe1 Ne4 14. Bxe7 Qxe7
15. Nd2 Ndf6 16. f3 Nxc3 17. bxc3 c5 18. c4 Rac8 19. Qa4 Rc6 20. cxd5 Rd6 21.
e4 cxd4 22. Qxd4 Nd7 23. Bb5 a6 24. Bc6 Bxc6 25. Rxc6 Nc5 26. Nc4 Rxc6 27. dxc6
Rd8 28. Qe5 Ne6 29. Ne3 Qb4 30. Rc1 Qd2 31. Qc3 Qxa2 32. c7 Rc8 33. Nd5 Kh7 34.
Qe3 Qb2 35. Qc3 Qe2 36. Rc2 Nd4 37. Qd2 Qb5 38. Rb2 Qc5 39. Kh1 Rxc7 40. Nxc7
Qxc7 41. h3 Qc5 42. Kg1 b5 43. Ra2 Qc4 44. Qf2 Qc1+ 45. Kh2 Qf4+ 46. Qg3 Qc1
47. Rxa6 Ne2 48. Qf2 Qf4+ 49. g3 Qd2 50. Ra1 Qc3 51. Ra7 Nd4 52. Rxf7 b4 53.
Kg2 b3 54. Rb7 Nc2 55. e5 Ne3+ 56. Kh2 Nd1 57. Qe2 Ne3 58. e6 Qe5 59. Qd3+ Nf5
60. f4 Qb2+ 61. Kg1 Qc1+ 62. Kf2 Qc5+ 63. Kf3 Qc6+ 64. Qe4 Qxe4+ 65. Kxe4 Nd6+
66. Kd3 Nxb7 67. Kc3 Kg6 68. g4 Kf6 69. f5 h5 70. Kxb3 hxg4 71. hxg4 Nc5+ 72.
Kc4 Nxe6 73. fxe6 Kxe6 74. Kd4 Kf6 75. Ke4 Kg5 76. Kf3 Kh4 77. Kf4 g6 78. g5
Kh5 79. Kf3 Kxg5 80. Kg2 Kg4 81. Kf2 Kh3 82. Kf3 g5 0-1

[Event "Amateur-Pokal Sen"]
[Site "?"]
[Date "2001.??.??"]
[Round "8"]
[White "Wolf, Alfred"]
[Black "Turboust, Roger"]
[Result "1/2-1/2"]
[WhiteElo "1725"]
[BlackElo "1850"]
[Annotator "ChessOrg"]
[PlyCount "106"]

1. d4 d5 2. c4 e6 3. Nc3 Nf6 4. cxd5 exd5 5. Bg5 Be7 6. e3 Nbd7 7. Bd3 c5 8.
Nf3 h6 9. Bf4 c4 10. Bc2 a6 11. a4 b6 12. h3 Bb7 13. O-O Nf8 14. Bh2 Ne6 15.
Qe2 O-O 16. Ne5 Rc8 17. Ng4 Nxg4 18. Qxg4 Bf6 19. Qf5 g6 20. Qg4 h5 21. Qg3 Bh4
22. Qf3 Ng5 23. Qe2 Rc6 24. f4 Nh7 25. f5 Kg7 26. Be5+ f6 27. fxg6 Ng5 28. Bf4
Bc8 29. Bxg5 Bxg5 30. h4 Bxh4 31. Qxh5 Rh8 32. Qxd5 Qc7 33. Qf7+ Qxf7 34. gxf7
Bg5 35. Rae1 Bg4 36. Be4 Re6 37. Bf3 Bxf3 38. Rxf3 Kxf7 39. e4 Rd8 40. d5 Re5
41. Ref1 b5 42. axb5 axb5 43. Rf5 Be3+ 44. Kh2 Rh8+ 45. Kg3 Rg8+ 46. Kf3 Rxf5+
47. exf5 Bd4 48. Nxb5 Be5 49. Na3 Rg3+ 50. Kf2 Rg4 51. Kg1 Bxb2 52. Nc2 Be5 53.
Re1 Bd6 1/2-1/2